[Event "SUI-chT"]
[Site "Switzerland"]
[Date "2014.09.06"]
[Round "6.3"]
[White "Miralles, Gilles"]
[Black "Froewis, Georg"]
[Result "1/2-1/2"]
[WhiteElo "2449"]
[BlackElo "2430"]
[PlyCount "126"]
[EventDate "2014.03.16"]
[EventType "team-tourn"]
[EventRounds "9"]
[EventCountry "SUI"]
[SourceTitle "EXT 2015"]
[Source "ChessBase"]
[SourceDate "2014.11.20"]
[SourceVersion "1"]
[SourceVersionDate "2014.11.20"]
[SourceQuality "1"]
[WhiteTeam "Geneve"]
[BlackTeam "Bern Schwarz Weiss"]
[WhiteTeamCountry "SUI"]
[BlackTeamCountry "SUI"]

1. c4 e6 2. Nf3 Nf6 3. g3 b6 4. Bg2 Bb7 5. 0-0 g6 6. Nc3 Bg7 7. Re1 Ne4 8. Nxe4 Bxe4 9. d3 Bb7 10. e4 0-0 11. d4 d6 12. Bg5 f6 13. Bd2 Nd7 14. Bc3 Qe7 15. Qa4 Qe8 16. b3 f5 17. exf5 gxf5 18. Ng5 Bxg2 19. Nxe6 Be4 20. Nxg7 Kxg7 21. f3 Nf6 22. Qxe8 Raxe8 23. fxe4 Nxe4 24. Bb2 f4 25. gxf4 Rxf4 26. Re2 Rg4+ 27. Rg2 Rxg2+ 28. Kxg2 d5 29. cxd5 Nf6 30. Kf3 Nxd5 31. Rg1+ Kf7 32. Bc1 c6 33. Bh6 Re7 34. Rg7+ Ke6 35. Rg8 Rf7+ 36. Kg2 Rf6 37. Bd2 Rg6+ 38. Rxg6+ hxg6 39. Kf3 Kf5 40. h4 b5 41. Be1 Nf4 42. Bd2 Ne6 43. Be3 a6 44. Bf2 Nf4 45. Be3 Nd5 46. Bd2 Nf6 47. Be1 g5 48. hxg5 Kxg5 49. Bd2+ Kf5 50. Be1 Nd5 51. Bd2 Ke6 52. Be1 Ne7 53. Ke4 Nf5 54. Bb4 Ng3+ 55. Kf3 Nh5 56. Ke4 Nf6+ 57. Kd3 Nd5 58. Be1 Kf5 59. Bd2 Kf6 60. Ke4 Ke7 61. Ke5 Kd7 62. Be1 Kc7 63. Ba5+ Kd7 1/2-1/2

[Event "SUI-chT"]
[Site "Switzerland"]
[Date "2014.03.30"]
[Round "2.4"]
[White "Miralles, Gilles"]
[Black "Forster, Richard"]
[Result "1-0"]
[WhiteElo "2469"]
[BlackElo "2447"]
[PlyCount "77"]
[EventDate "2014.03.16"]
[EventType "team-tourn"]
[EventRounds "9"]
[EventCountry "SUI"]
[SourceTitle "EXT 2015"]
[Source "ChessBase"]
[SourceDate "2014.11.20"]
[SourceVersion "1"]
[SourceVersionDate "2014.11.20"]
[SourceQuality "1"]
[WhiteTeam "Geneve"]
[BlackTeam "Winterthur"]
[WhiteTeamCountry "SUI"]
[BlackTeamCountry "SUI"]

1. c4 g6 2. Nc3 Bg7 3. g3 Nf6 4. Bg2 0-0 5. Nf3 d6 6. 0-0 e5 7. d3 Re8 8. Rb1 a5 9. a3 c6 10. b4 axb4 11. axb4 d5 12. Bg5 dxc4 13. dxc4 Qxd1 14. Rfxd1 Bf5 15. Rbc1 Ra3 16. Nd2 Na6 17. b5 Nb4 18. Nde4 Nxe4 19. Nxe4 Bxe4 20. Bxe4 f5 21. Rb1 Ra4 22. Bg2 e4 23. Rd7 cxb5 24. Rxb7 Na2 25. cxb5 Nc3 26. Re1 Ra2 27. Bf1 h6 28. Be3 Nd5 29. Ba7 Ra8 30. Bb8 Rc2 31. Rd1 Nf6 32. Rd8+ Kh7 33. Rf8 Rc1 34. Rff7 Raa1 35. Rxg7+ Kh8 36. Be5 Rxf1+ 37. Kg2 Rxf2+ 38. Kxf2 Ng4+ 39. Kg2 1-0